Adhesives in marine engineering /

Bibliographic Details
Other Authors: Weitzenböck, Jan R.
Format: Book
Language:English
Published: Oxford ; Philadelphia : Woodhead Publishing, 2012.
Series:Woodhead Publishing in materials.
Subjects:

MARC

Tag First Indicator Second Indicator Subfields
LEADER 00000cam a2200000Ia 4500
001 in00002761321
005 20150922113146.0
008 120614s2012 enka 001 0 eng d
020 |a 9781845694524 
020 |a 184569452X 
035 |a (OCoLC)ocn795437979 
040 |a SINAP  |c SINAP  |d YDX  |d EYM  |d UtOrBLW 
049 |a TXAM 
090 |a VM725  |b .A34 2012 
245 0 0 |a Adhesives in marine engineering /  |c edited by Jan R. Weitzenböck. 
264 1 |a Oxford ;  |a Philadelphia :  |b Woodhead Publishing,  |c 2012. 
300 |a xii, 218 pages :  |b illustrations ;  |c 24 cm. 
336 |a text  |b txt  |2 rdacontent 
337 |a unmediated  |b n  |2 rdamedia 
338 |a volume  |b nc  |2 rdacarrier 
490 1 |a Woodhead Publishing in materials 
504 |a Includes bibliographical references and index. 
650 0 |a Adhesive joints. 
650 0 |a Marine engineering. 
700 1 |a Weitzenböck, Jan R. 
830 0 |a Woodhead Publishing in materials. 
945 |a PromptCat  |b 991896 
946 |a stk 
947 |a A14835981424 
948 |a cataloged  |b h  |c 2012/8/27  |d c  |e dmitchel  |f 12:12:12 pm 
994 |a 92  |b TXA 
999 |a MARS 
999 f f |s 4d2a0b66-7a38-36e1-a7bc-ccb0a6bdda25  |i c39b5af2-e762-31e1-a4a3-ee5ca7b954ee  |t 0 
952 f f |p ric  |a Texas A&M University  |b Rellis Campus  |c Joint Library Facility  |s JLF  |d Remote Storage  |t 0  |e VM725 .A34 2012  |h Library of Congress classification  |i unmediated -- volume  |m A14835981424 
998 f f |a VM725 .A34 2012  |t 0  |l Remote Storage